Hệ thống thủy lực
保存先:
| 第一著者: | |
|---|---|
| フォーマット: | 図書 |
| 言語: | Undetermined |
| 出版事項: |
H.
GTVT
2003
|
| 主題: | |
| タグ: |
タグ追加
タグなし, このレコードへの初めてのタグを付けませんか!
|
| Thư viện lưu trữ: | Trung tâm Học liệu Trường Đại học Cần Thơ |
|---|
| LEADER | 00517nam a2200181Ia 4500 | ||
|---|---|---|---|
| 001 | CTU_57074 | ||
| 008 | 210402s9999 xx 000 0 und d | ||
| 020 | |b 55000 | ||
| 082 | |a 621.20424 | ||
| 082 | |b H250 | ||
| 100 | |a Lưu Văn Hy ... [et al.] | ||
| 245 | 0 | |a Hệ thống thủy lực | |
| 245 | 0 | |c Lưu Văn Hy ... [et al.] | |
| 260 | |a H. | ||
| 260 | |b GTVT | ||
| 260 | |c 2003 | ||
| 650 | |a water-power,fluid power technology,fluid mechanics | ||
| 980 | |a Trung tâm Học liệu Trường Đại học Cần Thơ | ||